Click the State of the German Empire on a Map - Statistics

General Stats
  • This quiz has been taken 132 times
  • The average score is 16 of 26
Answers on the Map
Answers color-coded by a green-red scale on the quiz's map according to % correct below.
 
Answer Stats
Answer % Correct

Kingdom of Prussia
95%

Kingdom of Bavaria
90%

Grand Duchy of Mecklenburg-Schwerin
87%

Kingdom of Saxony
86%

Grand Duchy of Baden
84%

Imperial Territory of Alsace–Lorraine
82%

Kingdom of Württemberg
80%

Free and Hanseatic City of Hamburg
78%

Free Hanseatic City of Bremen
78%

Grand Duchy of Hesse and by Rhine
73%

Grand Duchy of Oldenburg
71%

Duchy of Anhalt
68%

Free and Hanseatic City of Lübeck
66%

Grand Duchy of Mecklenburg-Strelitz
57%

Duchy of Brunswick
53%

Principality of Lippe
47%

Grand Duchy of Saxe-Weimar-Eisenach
47%

Principality of Waldeck and Pyrmont
44%

Principality of Schwarzburg-Sondershausen
41%

Principality of Schwarzburg-Rudolstadt
39%

Duchy of Saxe-Meiningen
38%

Duchy of Saxe-Coburg and Gotha
38%

Principality of Schaumburg-Lippe
37%

Duchy of Saxe-Altenburg
29%

Principality of Reuss-Gera
27%

Principality of Reuss-Greiz
24%
No matching quizzes found
Score Distribution
Percent of People with Each Score
Percentile by Number Answered
Your Score History
You have not taken this quiz